| 000 | 00662nam a22002057a 4500 | ||
|---|---|---|---|
| 005 | 20140220110510.0 | ||
| 010 | _aENG-108605 | ||
| 020 |
_a9789350095751 _c699.00 |
||
| 035 | _aEN-92138 | ||
| 037 | _bDBAD/PUB | ||
| 082 | _a641.5636 | ||
| 100 | _aDalmia, Ritu | ||
| 245 |
_aDiva green : _cby Ritu Dalmia; photographed by Anshika Varma _ba vegetarian cook book / |
||
| 260 |
_aGurgaon _bHachette Book Publishing _c2013 |
||
| 270 |
_a4th/5th Floors, Corporate Centre, Sector 44 _bGurgaon _e122003 |
||
| 300 |
_aix,223p. : _c24cm(pbk) _bcol. photos |
||
| 500 | _aIncludes index | ||
| 700 | _aVarma, Anshika | ||
| 942 |
_2ddc _cEN _mDAL _h641.5636 |
||
| 999 |
_c80234 _d80234 |
||